Matematika a kybernetika v ekonomike : Náučný slovník.

Salvato in:
Dettagli Bibliografici
Autori principali: Gontarevová, I.I (Autore), Popovová, A.A (Autore), Nemčinová, M.B (Autore)
Natura: Libro
Lingua:slovacco
Pubblicazione: Bratislava : Alfa, 1981
Tags: Aggiungi Tag
Nessun Tag, puoi essere il primo ad aggiungerne!!

MARC

LEADER 00000nam a22000003a 4500
001 stu28913
005 20150617225738.2
008 950522s1981----xo------------------slo-d
040 |a STU  |b slo 
041 0 |a slo 
044 |a xo 
080 |a 519.86(031) 
080 |a 330.105(031) 
100 1 |a Gontarevová, I.I  |4 aut 
245 1 |a Matematika a kybernetika v ekonomike :  |b Náučný slovník. 
260 |a Bratislava :  |b Alfa,  |c 1981 
300 |a 481 s 
500 |a prel. z rusk.orig. 
700 1 |a Popovová, A.A  |4 aut 
700 1 |a Nemčinová, M.B  |4 aut 
996 |b 284V018324  |c V*37429/O-15641a  |l VVT  |s A  |a 24  |w stu28913_0001 
996 |b 284V018325  |c V*37430/O-15641b  |l VVT  |s A  |a 24  |w stu28913_0002